Figures allégoriques nationales avec image - Statistiques

Statistiques générales
  • Ce quiz a été pris 3 fois
  • Le résultat moyen est 7 sur 16
Statistiques - réponses
Par images Hint Réponse % Correct
France Marianne
100%
Grèce Athena
67%
Royaume-Uni Britannia
67%
Liban Cedrus libani
67%
Europe Europe
67%
Allemagne Germania
67%
Inde Bharat Mata
33%
États-Unis Columbia
33%
Islande Dame de la Montagne
33%
Suisse Helvetia
33%
Espagne Hispania
33%
Belgique La Brabançonne
33%
Arménie Mère Arménie
33%
Pologne Polonia
33%
Finlande Suomi-neito
33%
Italie Italia turrita
0%
Aucun quiz correspondant
Distribution des résultats
% des personnes avec chaque résultat
Percentile par nombre de réponses
Votre historique - résultats
Vous n’avez pas pris ce quiz